000 00895cam a22002535a 4500
001 13674746
005 20180227111817.0
008 040803t2006 inua frb 001 0 eng d
020 _a0789733188
020 _a9780789733184
040 _aUKM
_cUKM
_dBAKER
_dC#P
_dDLC
_dEG-ScBUE
_beng
082 0 4 _222
_a004.6
_bULI
100 1 _aUlick, Terry.
245 1 0 _aBuilding a digital home entertainment network :
_bmultimedia in every room /
_cTerry Ulick.
260 _aIndianapolis :
_bQue,
_cc.2006.
300 _axiv, 313 p. :
_bill. ;
_c23 cm.
504 _aIncludes bibliographical references and index.
650 7 _aHome computer networks
_vAmateurs' manuals.
_2BUEsh
650 7 _aMultimedia systems
_vAmateurs' manuals.
_2BUEsh
651 _2BUEsh
653 _bGGEN
_bCOMSCI
_cFebruary2018
856 4 1 _3Table of contents
_uhttp://www.loc.gov/catdir/toc/fy0607/2004111340.html
942 _2ddc
999 _c26180
_d26152